Регионална библиотека "Любен Каравелов" - Русе

Индия (Запис номер 90284)

MARC детайли
000 -Лидер
Контролно поле с фиксирана дължина 01275nam a2200313 c 4500
003 - Код на организацията, давaща контролен номер
Контролно поле BLK
005 - Дата и час на последна редакция
Контролно поле 20230515102740.0
008 - Елементи от данни с фиксирана дължина
fixed length control field 180408b bul|||||r ||||||| ||bul||
010 ## - Наследен системен номер
LC control number KNG00095023000
040 ## - Източник на каталожния запис
Идентификатор на билиотеката - собственик на записа BLK
041 ## - Код за език
Код за езика на текст/звукозапис или на отделно заглавие Български
Код за езика КДБФ Български
080 ## - УДК
Текстов определител УДК Социография. Социално положение. Условия на политическия и социалния живот. Социално и социално-икономическо положение на отделните страни, народи, раси. Социална география. (Общи въпроси)
УДК код - определител по УДК 308
УДК определител (540)
УДК - код + определител 308(540)
100 1# - Редна дума - Автор
Автор Генов, Николай Иванов
Авторска отговорност първи автор
R(LIN) 371923
139 ## - Редно поле
Редна дума Генов, Николай Иванов
Авторски знак Генов - Г 31
245 10 - Сведения за заглавието
Заглавие Индия
Редно поле (дума) Николай Иванов Генов.
257 ## - Страна на издаване
Страна на създаване/издаване България
260 ## - Област на издателските данни
-- София
Име на издателя, разпространителя и проч. Нар. просв.
Година на издаване 1987
300 ## - Физическа характеристика
Страници 120 с.
Илюстрации и др. с ил., 12 л. : цв. ил.
Размери/Мащаб 22 см
380 ## - Жанр
Жанр Обществени науки
500 ## - Общи забележки
Забележка 10 102 тир.
650 #4 - Допълнително описание по предмет – тема
Основно описание – тема или топоним Индия
9 (RLIN) 178950
651 #4 - Допълнително описание по предмет - топоним
Географско понятие Индия
9 (RLIN) 178950
653 ## - Ключова дума – ненормативна
Ключова дума Индия
852 ## - Местоположение
Форматна сигнатура Цб 149179
856 4# - Електронен адрес и достъп
Електронен формат pdf - файл
Път до файла /url/
856 4# - Електронен адрес и достъп
Електронен формат pdf - файл
Път до файла /url/
942 ## - АРТИКУЛИ
Вид на библиотечния материал Книги
Скрит в OPAC Не
Koha issues (borrowed), all copies 2
944 ## - СЪЗДАВАНЕ И РЕДАКЦИЯ на ЗАПИСА
Създаване/Редакция Създаване
Дата на регистрацията/редакция 30.03.2010
Статус, дата на статуса ф /
Служител, извършил регистрацията/редакцията Людмила_Стоянова
944 ## - СЪЗДАВАНЕ И РЕДАКЦИЯ на ЗАПИСА
Създаване/Редакция Редакция
Дата на регистрацията/редакция 13.04.2010
Статус, дата на статуса ф /
Служител, извършил регистрацията/редакцията
999 ## - СИСТЕМНИ КОНТРОЛНИ НОМЕРА
Koha biblionumber 90284
Koha biblioitemnumber 90284
Наличности
Код за отписване Код за изгубен артикул Код за повреда Коз за рестрикции Код за отдаване Артикулен № Име на библиотеката - собственик Име на библиотеката, в която се намира в момента Статус (Текущо местоположение) Дата на вписване в системата Местоположение - отдел Цена в лева Инвентарен номер Систематично азбучна сигнатура Баркод Номер на екземпляра Цена в евро Служебна бележка Служебен тип на артикула Източник на класификационната схема
  Не е изгубен Не е повреден без рестрикции заемане за дома 145961 Регионална библиотека "Любен Каравелов" Русе Регионална библиотека "Любен Каравелов" Русе Заемна - подръчен фонд 2010-03-29 Заемна - подръчен фонд 1.30 120000743004 П 308(5)/Г 31 120000743004 1 0.66 Дост: DA Вид: А N: 10 Дата: 29.03.2010 Дата инв: 02.02.2018 Бележки инв: П2018 Книги  
  Не е изгубен Не е повреден без рестрикции ползва се в читалня 145962 Регионална библиотека "Любен Каравелов" Русе Регионална библиотека "Любен Каравелов" Русе Хранилище 1987-01-01 Хранилище 1.30 480547 Цб 149179 120000480547 2 0.66 Дост: Dp Вид: Д N: стар фонд Дата: 01.01.1987 Книги Universal Decimal Classification
Изтеглен Не е изгубен Не е повреден без рестрикции заемане за дома 145963 Регионална библиотека "Любен Каравелов" Русе Регионална библиотека "Любен Каравелов" Русе Заемна - подръчен фонд 1987-01-01 Заемна - подръчен фонд 1.30 484600 П 308(5)/Г 31 120000484600 3 0.66 Дост: Pk Вид: Ф N: стар фонд Дата: 01.01.1987 Дата инв: 02.02.2018 Бележки инв: П2018 Книги Universal Decimal Classification
Vip Innovations Ltd, Rousse, Bulgaria 2025